000 00501nam a22001817a 4500
003 OSt
008 260429b |||||||| |||| 00| 0 eng d
082 _a634.44
_bP74T
100 _aPrasad, Krishna Kant
245 _aTo Study the Effect of Photosynthesis Improving Chemicals on Mango (Mangifera Indica L.)
260 _aPusa, Samastipur
_bRAU
_c1992
300 _a51P.
502 _bMsc.
_d1992
650 _aFruit & Fruit Technology
650 _aHorticulture
650 _aMsc.
942 _2ddc
_cT
999 _c50295
_d50295